| 000 | 00556nam a2200193 a 4500 | ||
|---|---|---|---|
| 005 | 20241004063734.0 | ||
| 008 | 030526s1999 mx r 000 0 spa d | ||
| 020 | _a8471975610 | ||
| 035 | _aUPN01000124624 | ||
| 049 | _aCG | ||
| 050 | 4 |
_aLB2809 _bR3.6 |
|
| 100 | 1 |
_aRamo Traver, Zacarías _929592 |
|
| 245 | 1 | 1 |
_a¿Para qué los inspectores? / _cZacarías Ramo Traver. |
| 260 |
_aBarcelona, Esp. : _bPraxis, _c1999. |
||
| 300 | _a379 p. | ||
| 650 | 4 |
_aInspección escolar _913326 |
|
| 650 | 4 |
_aEscuelas _xDirección y organización _9346 |
|
| 905 | _aLibro | ||
| 999 |
_c96803 _d96803 |
||